Analysis of Relationships between Innovative and Digital Performance of EU-27 Countries
Preskúmanie vzájomných vzťahov medzi digitálnou a inovačnou výkonnosťou krajín EÚ pomocou vybraných globálnych indexov (DESI, GII, SII).
Na minha lista:
| Autor principal: | |
|---|---|
| Outros Autores: | , , |
| Formato: | Capítulo de Livro |
| Idioma: | inglês |
| Assuntos: | |
| Tags: |
Sem tags, seja o primeiro a adicionar uma tag!
|
MARC
| LEADER | 00000naa a2200000 4500 | ||
|---|---|---|---|
| 001 | 0296097 | ||
| 005 | 20230906145431.5 | ||
| 041 | 0 | |a eng | |
| 044 | |a SK | ||
| 245 | 1 | 0 | |a Analysis of Relationships between Innovative and Digital Performance of EU-27 Countries |c Beáta Šofranková |
| 520 | |a Preskúmanie vzájomných vzťahov medzi digitálnou a inovačnou výkonnosťou krajín EÚ pomocou vybraných globálnych indexov (DESI, GII, SII). | ||
| 610 | 2 | 0 | |a výkonnosť |
| 610 | 2 | 0 | |a výkonnosť inovačná |
| 610 | 2 | 0 | |a digitalizácia |
| 610 | 2 | 0 | |a analýza dát panelových |
| 610 | 2 | 0 | |a analýza regresná |
| 610 | 2 | 0 | |a Európska únia |
| 100 | 1 | |a Šofranková, Beáta | |
| 700 | 1 | |a Kiseľáková, Dana | |
| 700 | 1 | |a Širá, Elena | |
| 700 | 1 | |a Grzebyk, Mariola | |